Reinsurance in practice (Record no. 6545)
[ view plain ]
| 000 -LEADER | |
|---|---|
| fixed length control field | 00416nam a2200169Ia 4500 |
| 003 - CONTROL NUMBER IDENTIFIER | |
| control field | OSt |
| 005 - DATE AND TIME OF LATEST TRANSACTION | |
| control field | 20220812122627.0 |
| 008 - FIXED-LENGTH DATA ELEMENTS--GENERAL INFORMATION | |
| fixed length control field | 220812b |||||||| |||| 00| 0 eng d |
| 040 ## - CATALOGING SOURCE | |
| Transcribing agency | IFM Library |
| 082 ## - DEWEY DECIMAL CLASSIFICATION NUMBER | |
| Classification number | 368.012 |
| 100 ## - MAIN ENTRY--PERSONAL NAME | |
| Personal name | Kiln, Robert |
| 9 (RLIN) | 8926 |
| 245 ## - TITLE STATEMENT | |
| Title | Reinsurance in practice |
| 260 ## - PUBLICATION, DISTRIBUTION, ETC. | |
| Place of publication, distribution, etc. | London: |
| Name of publisher, distributor, etc. | Witherby |
| Date of publication, distribution, etc. | 1981 |
| 300 ## - PHYSICAL DESCRIPTION | |
| Extent | x, 330p. : |
| Other physical details | ill. ;22cm |
| 650 ## - SUBJECT ADDED ENTRY--TOPICAL TERM | |
| Topical term or geographic name entry element | Insurance |
| 9 (RLIN) | 8927 |
| 942 ## - ADDED ENTRY ELEMENTS (KOHA) | |
| Koha item type | Books |
| Source of classification or shelving scheme | Dewey Decimal Classification |
| Suppress in OPAC | No |
| Withdrawn status | Lost status | Source of classification or shelving scheme | Damaged status | Not for loan | Home library | Current library | Shelving location | Date acquired | Full call number | Barcode | Date last seen | Price effective from | Koha item type |
|---|---|---|---|---|---|---|---|---|---|---|---|---|---|
| Dewey Decimal Classification | IFM Main Campus Library | IFM Main Campus Library | General Collection | 08/12/2022 | 368.012 KIL | 0000001676 | 05/15/2015 | 05/15/2015 | Books |
